Historia del tiempo : ilustrada /

Contenido: Nuestra imagen del universo; Espacio y tiempo; El universo en expansión; El principio de incertidumbre; Las partículas elementales y las fuerzas de la naturaleza; Los agujeros negros; El origen y el destino del universo; La flecha del tiempo; La unificación de la física; Albert Einstein;...

Descripció completa

Guardat en:
Dades bibliogràfiques
Autor principal: Hawking, Stephen W. (autor)
Format: Llibre
Idioma:espanyol
Publicat: Barcelona, España : Crítica, 1996, c1996
Edició:Ed. rev. y aum.
Matèries:
Etiquetes: Afegir etiqueta
Sense etiquetes, Sigues el primer a etiquetar aquest registre!

MARC

LEADER 00000nam^a2200000^a^4500
001 000152707
005 20250521000000.0
009 20260310100255.255
020 |a 84-7423-787-4 
037 |a Acervo ITESO - Biblioteca 
041 |a ESP 
082 |a 523. 12  |b HAW 
100 |a Hawking, Stephen W.  |e (autor) 
240 1 1 |a [Historia del tiempo] 
245 1 0 |a Historia del tiempo :  |b ilustrada /  |c S.W. Hawking ; tr. por Miguel Ortuño. 
250 |a Ed. rev. y aum. 
264 4 |a Barcelona, España :  |b Crítica,  |c 1996, c1996 
300 |a VIII, 248 p. 
336 |a texto  |b txt  |2 rdacontenido 
337 |a sin mediación  |b n  |2 rdamedio 
338 |a volumen  |b nc  |2 rdasoporte 
500 |a Traducción de: The Illustrated a Brief History of Time 
520 |a Contenido: Nuestra imagen del universo; Espacio y tiempo; El universo en expansión; El principio de incertidumbre; Las partículas elementales y las fuerzas de la naturaleza; Los agujeros negros; El origen y el destino del universo; La flecha del tiempo; La unificación de la física; Albert Einstein; Galileo Galilei; Isaac Newton. 
649 |a XX 
650 |a Tiempo (Concepto) 
650 |a Universo 
650 |a Física -  |x Teoría 
650 |a Cosmogonía 
910 |a Fondo General 
920 |a Impresos - Libros 
930 |a Colección General 
905 |a 101 
901 |a 0500081981  |b IT1  |c ACC  |u 20250521 
902 |a https://opac.biblio.iteso.mx/vufind/Record/000152707